| 000 | 00749pam a2200229 a 4500 | ||
|---|---|---|---|
| 001 | 3941845 | ||
| 005 | 20180130033520.0 | ||
| 008 | 930312s1993 nju b 001 0 eng | ||
| 010 | _a 93017050 | ||
| 020 | _a1568210701 | ||
| 040 |
_aDLC _cDLC _dDLC |
||
| 041 | _aeng | ||
| 080 | _a152.4 her | ||
| 082 | 0 | 0 |
_a152.4 her _220 |
| 100 | 1 | _a38 | |
| 101 | _aedu | ||
| 245 | 1 | 0 |
_aJokes : _cHerbert S. Strean. |
| 504 | _aIncludes bibliographical references (p. 215-219) and index. | ||
| 906 |
_a7 _bcbc _corignew _d1 _eocip _f19 _gy-gencatlg |
||
| 942 |
_2ddc _cBK |
||
| 999 |
_c41216 _d41216 |
||